Score 0/20 Timer 04:00
0 Plays Today
Rank Name % Correct
3Wonder Woman
94.1%
2Jean Grey
81.1%
1Storm
80.8%
12Black Widow
77.9%
16Barbara Gordon
74.2%
13Supergirl
72.6%
5Rogue
69.5%
4Invisible Woman
65.1%
8Scarlet Witch
60.3%
7Kitty Pryde
59.2%
Rank Name % Correct
15She-Hulk
58.1%
11Ms. Marvel
57.4%
14Black Canary
55.1%
10Wasp
53.6%
6Emma Frost
47.1%
19Jubilee
43.2%
9Psylocke
39.1%
18Polaris
23.2%
17Wolfsbane
14.3%
20Dani Moonstar
10.2%
Remove Ads.
Support Sporcle.
Get the best of Sporcle when you Go Orange. This ad-free experience offers more features, more stats, and more fun while also helping to support Sporcle. Thank you for becoming a member.

You're not logged in!

Compare scores with friends on all Sporcle quizzes.
OR
Log In

Show Comments

Extras

Top Quizzes Today


Score Distribution

Your Account Isn't Verified!

In order to create a playlist on Sporcle, you need to verify the email address you used during registration. Go to your Sporcle Settings to finish the process.

Report this User

Report this user for behavior that violates our Community Guidelines.

Details: